000 00574nam a2200241 a 4500
001 nice12345678
003 IN_TiNIC
005 20260116011339.0
008 050524s1930 laha grp 000 0 urd
020 _a
_c100
082 0 0 _a239
_bASH
100 _aAshiq Alah, Sain
245 _aMasihi Pocket Book.
260 _aLahore
_bHayat Khan Abeer
_c1930
300 _a96p
500 _aincludes index and biblioraphy
505 2 _aHand Written Manuscript
650 _aApologetics
700 1 _aAshiq Alah, Sain
902 _bSRS
942 _cBK
999 _c718
_d718